[Event "Espalion op 2nd"]
[Site "Espalion"]
[Date "2017.07.21"]
[Round "8"]
[White "Labarrere, Daniel"]
[Black "Lagunes, Jean Renaud"]
[Result "0-1"]
[WhiteElo "1816"]
[BlackElo "1951"]
[PlyCount "102"]
[EventDate "2017.07.15"]
[EventType "swiss"]
[EventRounds "9"]
[EventCountry "FRA"]
[SourceTitle "CBM 179 Extra"]
[Source "ChessBase"]
[SourceDate "2017.08.23"]
[SourceVersion "1"]
[SourceVersionDate "2017.08.23"]
[SourceQuality "1"]

1. e4 d5 2. Nc3 dxe4 3. Nxe4 Qd5 4. Nc3 Qa5 5. d4 Nf6 6. Bd2 Qb6 7. Nf3 c6 8. Bc4 Bf5 9. Bb3 e6 10. 0-0 Bd6 11. Re1 0-0 12. h3 Nbd7 13. Qe2 Rfe8 14. Rad1 a5 15. a3 Qc7 16. Nh4 Bg6 17. Nxg6 hxg6 18. Ne4 Nxe4 19. Qxe4 Nf6 20. Qf3 a4 21. Ba2 b5 22. c3 Rec8 23. Bg5 Nd5 24. g3 Re8 25. Kg2 Rac8 26. h4 f6 27. Bc1 Qf7 28. Rh1 Bb8 29. h5 g5 30. Bb1 Ne7 31. Qg4 Red8 32. Rde1 Rd6 33. Re2 c5 34. dxc5 Rxc5 35. Rhe1 Nf5 36. Qb4 Qc7 37. Rxe6 Rxe6 38. Rxe6 Re5 39. Rxe5 Qxe5 40. Bxf5 Qxf5 41. Qd4 Be5 42. Qd5+ Kh7 43. Be3 g4 44. Qxb5 Qe4+ 45. Kf1 Bxg3 46. Qb4 Qh1+ 47. Ke2 Qf3+ 48. Kf1 Bh2 49. Qxa4 g3 50. Qc2+ f5 51. Ke1 g2 0-1

[Event "Hourtin Vins du Medoc op 2nd"]
[Site "Hourtin"]
[Date "2016.07.06"]
[Round "6"]
[White "Lagunes, Jean Renaud"]
[Black "Neatherway, A Philip"]
[Result "1/2-1/2"]
[WhiteElo "2009"]
[BlackElo "1815"]
[PlyCount "76"]
[EventDate "2016.07.02"]
[EventType "swiss"]
[EventRounds "9"]
[EventCountry "FRA"]
[SourceTitle "EXT 2019"]
[Source "ChessBase"]
[SourceDate "2018.10.10"]
[SourceVersion "1"]
[SourceVersionDate "2018.10.10"]
[SourceQuality "1"]

1. e4 c5 2. Nf3 e6 3. b3 d5 4. exd5 exd5 5. Bb5+ Nc6 6. 0-0 Nf6 7. Re1+ Be7 8. Qe2 Bg4 9. Bxc6+ bxc6 10. Ba3 Bxf3 11. gxf3 Kf8 12. d4 Nd7 13. Nc3 h5 14. Na4 Rh6 15. Qf1 Rg6+ 16. Kh1 Kg8 17. Nxc5 Nxc5 18. Bxc5 Bxc5 19. dxc5 Qf6 20. Qd3 h4 21. c3 h3 22. Rg1 Rxg1+ 23. Rxg1 Re8 24. b4 Re5 25. a4 Qe6 26. b5 cxb5 27. axb5 Re1 28. c6 Qe5 29. f4 Rxg1+ 30. Kxg1 Qe1+ 31. Qf1 Qxc3 32. f3 Qe3+ 33. Kh1 Qxf4 34. Qxh3 d4 35. Qc8+ Kh7 36. Qh3+ Kg8 37. Qc8+ Kh7 38. Qh3+ Kg8 1/2-1/2

[Event "Naujac op 17th"]
[Site "Naujac"]
[Date "2014.07.04"]
[Round "7"]
[White "Bollengier, Andreea"]
[Black "Lagunes, Jean Renaud"]
[Result "1-0"]
[WhiteElo "2244"]
[BlackElo "1978"]
[PlyCount "53"]
[EventDate "2014.06.29"]
[EventType "swiss"]
[EventRounds "9"]
[EventCountry "FRA"]
[SourceTitle "CBM 161 Extra"]
[Source "ChessBase"]
[SourceDate "2014.08.29"]
[SourceVersion "1"]
[SourceVersionDate "2014.08.29"]
[SourceQuality "1"]

1. f4 g6 2. Nf3 Bg7 3. e4 Nf6 4. e5 Nd5 5. d4 d6 6. c4 Nb6 7. Be3 N6d7 8. Nc3 c5 9. e6 fxe6 10. Ng5 Bxd4 11. Bxd4 cxd4 12. Nxe6 Qa5 13. b4 Qxb4 14. Qxd4 Nf6 15. Nc7+ Kd8 16. Nxa8 Nc6 17. Qd2 Bf5 18. Bd3 Qa5 19. Rb1 Bxd3 20. Qxd3 Qa6 21. 0-0 Kc8 22. Nb5 Kb8 23. Nac7 Qb6+ 24. Kh1 Ng4 25. Qe2 h5 26. Nxd6 Nb4 27. Nd5 1-0

[Event "Ambes op 3rd"]
[Site "Ambes"]
[Date "2010.05.01"]
[Round "8"]
[White "Lagunes, Jean Renaud"]
[Black "Van Eeckhout, Guy"]
[Result "1-0"]
[WhiteElo "2107"]
[BlackElo "1725"]
[PlyCount "67"]
[EventDate "2010.04.24"]
[EventType "swiss"]
[EventRounds "9"]
[EventCountry "FRA"]
[SourceTitle "EXT 2011"]
[Source "ChessBase"]
[SourceDate "2010.11.26"]
[SourceVersion "1"]
[SourceVersionDate "2010.11.26"]
[SourceQuality "1"]

1. e4 c6 2. d4 d5 3. Nc3 dxe4 4. Nxe4 Nd7 5. Bc4 Ngf6 6. Ng5 e6 7. c3 Nb6 8. Bb3 Be7 9. Ne2 0-0 10. 0-0 Qc7 11. Bf4 Bd6 12. Bxd6 Qxd6 13. Qd3 h6 14. Ne4 Nxe4 15. Qxe4 Nd5 16. Rad1 b6 17. Rfe1 Bb7 18. Ng3 Nf6 19. Qh4 c5 20. f3 Qc7 21. Ne4 Nxe4 22. fxe4 Rad8 23. Rd2 Rd6 24. Qf4 cxd4 25. cxd4 Qd7 26. e5 Rc6 27. Ba4 Qc7 28. Bxc6 Qxc6 29. Rf2 Qd5 30. b3 Qc6 31. Rc1 Qd7 32. Rc3 Qb5 33. Rg3 Qe8 34. Qxh6 1-0

[Event "Creon op 15th"]
[Site "Creon"]
[Date "2010.??.??"]
[Round "1.2"]
[White "Lagunes, Jean Renaud"]
[Black "Drenchev, Petar"]
[Result "1/2-1/2"]
[WhiteElo "2074"]
[BlackElo "2514"]
[PlyCount "116"]
[EventDate "2010.07.28"]
[EventType "swiss"]
[EventRounds "9"]
[EventCountry "FRA"]
[SourceTitle "EXT 2014"]
[Source "ChessBase"]
[SourceDate "2013.11.20"]
[SourceVersion "1"]
[SourceVersionDate "2013.11.20"]
[SourceQuality "1"]

1. e4 c5 2. Nf3 e6 3. b3 b6 4. Bb2 Bb7 5. Nc3 d6 6. Bb5+ Nd7 7. 0-0 a6 8. Bxd7+ Qxd7 9. Qe2 Nf6 10. d3 Be7 11. Nd2 0-0 12. a4 d5 13. e5 Ne8 14. Qh5 f5 15. f4 Nc7 16. Nd1 b5 17. Rf3 Qe8 18. Qxe8 Rfxe8 19. d4 bxa4 20. bxa4 c4 21. Ba3 a5 22. Bxe7 Rxe7 23. Nc3 Bc6 24. Ndb1 Ree8 25. Kf2 Reb8 26. Ke1 Rb4 27. Kd1 h6 28. Kc1 Kf7 29. Na2 Rb7 30. Nac3 g5 31. g3 Rab8 32. Na3 Kg6 33. Nab5 Bxb5 34. Nxb5 Nxb5 35. axb5 Rxb5 36. Rfa3 Kh5 37. h3 gxf4 38. gxf4 Kh4 39. Kd2 Rg8 40. Rf3 Rg2+ 41. Kc3 h5 42. Raf1 Rb6 43. Re3 Rh2 44. Ra1 Rxh3 45. Kd2 Rh2+ 46. Re2 Rxe2+ 47. Kxe2 Kg3 48. Ke3 Ra6 49. Rg1+ Kh2 50. Kf2 h4 51. Rg2+ Kh3 52. Kf3 a4 53. Rg1 Kh2 54. Rg2+ Kh1 55. Re2 Ra8 56. Re1+ Kh2 57. Re2+ Kh3 58. Re1 Kh2 1/2-1/2

[Event "St Chely d'Aubrac op 9th"]
[Site "St Chely d'Aubrac"]
[Date "2009.07.13"]
[Round "4"]
[White "Mullon, Jean Baptiste"]
[Black "Lagunes, Jean Renaud"]
[Result "1-0"]
[WhiteElo "2357"]
[BlackElo "2096"]
[PlyCount "41"]
[EventDate "2009.07.11"]
[EventType "swiss"]
[EventRounds "9"]
[EventCountry "FRA"]
[SourceTitle "EXT 2010"]
[Source "ChessBase"]
[SourceDate "2010.11.25"]
[SourceVersion "1"]
[SourceVersionDate "2010.11.25"]
[SourceQuality "1"]

1. e4 d6 2. d4 Nf6 3. Nc3 g6 4. Be3 c6 5. Qd2 b5 6. Bd3 Nbd7 7. Nf3 e5 8. h3 Bb7 9. 0-0 Qc7 10. Rfe1 a6 11. a4 b4 12. Ne2 c5 13. dxe5 dxe5 14. Ng3 c4 15. Bf1 h6 16. a5 Nxe4 17. Nxe4 Bxe4 18. Nxe5 c3 19. bxc3 bxc3 20. Qxd7+ Qxd7 21. Nxd7 1-0